| 000 | 00583nam a22001937a 4500 | ||
|---|---|---|---|
| 999 |
_c7813 _d7813 |
||
| 003 | OSt | ||
| 005 | 20220315164533.0 | ||
| 008 | 220315b ||||| |||| 00| 0 eng d | ||
| 020 | _a9781848000476 | ||
| 040 | _cDDC | ||
| 082 | _a519.2 KLE 2008 | ||
| 100 |
_aKlenke, Achim _915903 |
||
| 245 |
_aProbability theory : _b a comprehensive course |
||
| 260 |
_aLondon : _bSpringer; _c©2008 |
||
| 300 |
_axii, 616 pages : _billustrations ; _c24 cm |
||
| 504 | _aIncludes bibliographical references (pages [591]-598) and indexes | ||
| 650 |
_aProbabilities. _92821 |
||
| 942 |
_2ddc _cO_SHELF |
||